| 000 | 00319nam a22001217a 4500 | ||
|---|---|---|---|
| 020 | _a0-412-14020-9 | ||
| 082 | _a629.246 NEW'A | ||
| 100 |
_aNEWCOMB, T. P,SPURT, R. T _976174 |
||
| 245 | _aAUTOMOBILE BRAKES AND BRAKING SYSTEM MOTOR MANUALS | ||
| 260 |
_aLONDON _bCHAPMAN & HALL _c1975 |
||
| 300 | _aVOL-8 | ||
| 942 | _cBK | ||
| 999 |
_c581582 _d581582 |
||